| 000 | 00447nam a2200181Ia 4500 | ||
|---|---|---|---|
| 003 | GCL | ||
| 008 | 140319s9999 xx 000 0 eng d | ||
| 040 |
_aGCL / _cGCL |
||
| 082 | 0 | 4 |
_a822 _bS O |
| 100 | 1 | _aSTEINBECK, JOHN | |
| 245 | 1 | 0 |
_aONCE THERE WAS A WAR / _cSTEINBECK, JOHN |
| 260 |
_a[S.N] : _bCORGI, BOOKS ، _c1958 |
||
| 300 | _a141 P | ||
| 650 | 0 | 4 | _aENGLISH LITERATURE |
| 650 | 0 | 4 | _aLITERATURE |
| 650 | 0 | 4 | _aSTORIES |
| 942 |
_2ddc _cBK |
||
| 999 |
_c12101 _d12101 |
||